[Event "OPEN B - XVII MIEDZYNARODOWY FESTIWAL S"]
[Site "GOLD CHESS Open  - Rewal"]
[Date "2012.??.??"]
[Round "9.17"]
[White "Jablonska, Sabina"]
[Black "Czernicki, Bogdan"]
[Result "1/2-1/2"]
[WhiteElo "1979"]
[BlackElo "1850"]
[PlyCount "111"]
[EventDate "2012.??.??"]

1. b3 c5 2. Bb2 Nc6 3. e3 d5 4. d4 cxd4 5. exd4 g6 6. Nf3 Bg4 7. Nbd2 Bg7 8.
Be2 e6 9. Ne5 Bxe2 10. Qxe2 Nge7 11. f4 Rc8 12. Ndf3 Qa5+ 13. c3 O-O 14. O-O h6
15. Qf2 Nf5 16. Nh4 Nd6 17. Rfc1 Ne4 18. Qe3 Qd8 19. Nhf3 Ne7 20. g4 Kh7 21.
Ba3 f6 22. Nd3 b6 23. Nf2 f5 24. g5 h5 25. Bb2 Nc6 26. Nd3 Rf7 27. Rc2 Qc7 28.
Rac1 Ra8 29. Qe2 Na5 30. Nde5 Nc6 31. Kg2 Nxe5 32. dxe5 Qd8 33. h4 Qd7 34. Nd4
Bf8 35. Qb5 Qxb5 36. Nxb5 Rd7 37. Nd4 Re8 38. a3 Nc5 39. Rd1 Kh8 40. Bc1 Ne4
41. Bb2 Kg8 42. Kf3 Rc8 43. Rdc1 Nc5 44. Ke2 Ne4 45. c4 dxc4 46. Rxc4 Rxc4 47.
Rxc4 Bc5 48. b4 Bxd4 49. Rxd4 Rc7 50. Kd3 b5 51. Rd8+ Kf7 52. Rh8 Nf2+ 53. Kd2
Rc6 54. Rd8 Ke7 55. Rg8 Kf7 56. Rd8 1/2-1/2

[Event "OPEN B - XVII MIEDZYNARODOWY FESTIWAL S"]
[Site "GOLD CHESS Open  - Rewal"]
[Date "2012.??.??"]
[Round "9.19"]
[White "Drela, Michal"]
[Black "Zminda, Bogdan"]
[Result "1/2-1/2"]
[WhiteElo "1570"]
[BlackElo "2087"]
[PlyCount "37"]
[EventDate "2012.??.??"]

1. d4 Nf6 2. Nf3 g6 3. c4 Bg7 4. Nc3 O-O 5. Bf4 d6 6. e3 Nh5 7. Bg5 h6 8. Bh4
g5 9. Nd2 gxh4 10. Qxh5 e5 11. d5 Qg5 12. Qd1 f5 13. Nf3 Qe7 14. Be2 e4 15. Nd4
c5 16. dxc6 bxc6 17. Qd2 Bb7 18. O-O-O Na6 19. g4 1/2-1/2

[Event "OPEN B - XVII MIEDZYNARODOWY FESTIWAL S"]
[Site "GOLD CHESS Open  - Rewal"]
[Date "2012.??.??"]
[Round "9.20"]
[White "Hasinski, Krystian"]
[Black "Trepkowski, Piotr"]
[Result "1-0"]
[WhiteElo "1925"]
[BlackElo "1786"]
[PlyCount "89"]
[EventDate "2012.??.??"]

1. d4 d5 2. Nf3 Nf6 3. c4 g6 4. cxd5 Bg7 5. Nc3 Nxd5 6. e3 O-O 7. Bc4 Nb6 8.
Be2 Nc6 9. O-O e5 10. d5 Na5 11. e4 Nac4 12. b3 Nd6 13. Ba3 a6 14. Nd2 f5 15.
f3 f4 16. Nc4 Nbxc4 17. bxc4 b6 18. c5 bxc5 19. Bxc5 Rf7 20. Rb1 Bf8 21. Bf2
Qg5 22. Kh1 h5 23. Na4 h4 24. h3 Ne8 25. Qc2 Nf6 26. Qc6 Bd7 27. Qxa8 Bxa4 28.
Qxa6 Bd7 29. Qc4 Nh5 30. Rfc1 Ng3+ 31. Kh2 Bd6 32. Rc2 Qh6 33. a4 g5 34. a5 Qg6
35. a6 g4 36. a7 Nxe4 37. a8=Q+ Rf8 38. Qxf8+ Kxf8 39. fxg4 Nxf2 40. Bf3 e4 41.
Rxf2 exf3 42. Rb8+ Ke7 43. gxf3 Be5 44. Rc2 Kd6 45. Rg8 1-0

[Event "OPEN B - XVII MIEDZYNARODOWY FESTIWAL S"]
[Site "GOLD CHESS Open  - Rewal"]
[Date "2012.??.??"]
[Round "9.21"]
[White "Obiedzinski, Piotr"]
[Black "Sowa, Martyna"]
[Result "0-1"]
[WhiteElo "1913"]
[BlackElo "1765"]
[PlyCount "84"]
[EventDate "2012.??.??"]

1. e4 c5 2. Nf3 e6 3. d4 cxd4 4. Nxd4 a6 5. Nc3 Qc7 6. Bd3 Nf6 7. O-O b5 8. a3
Bb7 9. Be3 d6 10. f4 Nbd7 11. f5 e5 12. Nb3 d5 13. exd5 Nxd5 14. Nxd5 Bxd5 15.
Bxb5 Qb7 16. Bxd7+ Qxd7 17. Qd2 Rd8 18. Rad1 Be7 19. Bb6 O-O 20. Bxd8 Rxd8 21.
Qa5 Qa7+ 22. Kh1 Qa8 23. Rd2 Bg5 24. Re2 Bc4 25. Qxe5 Bf6 26. Qe3 Bxe2 27. Qxe2
Bxb2 28. a4 Qc6 29. c4 Bf6 30. a5 h6 31. c5 Rb8 32. Qc4 Re8 33. Rd1 Re4 34. Qd3
Qe8 35. Rf1 Re3 36. Qc4 Rc3 37. Qd5 Qe2 38. Rd1 Qc2 39. Na1 Qa4 40. Rb1 Qxa5
41. Qa8+ Kh7 42. Rf1 Qxc5 0-1

[Event "OPEN B - XVII MIEDZYNARODOWY FESTIWAL S"]
[Site "GOLD CHESS Open  - Rewal"]
[Date "2012.??.??"]
[Round "9.22"]
[White "Czerniawski, Krzysztof"]
[Black "Kaluzny, Wlodzimierz"]
[Result "1-0"]
[WhiteElo "1569"]
[BlackElo "2011"]
[PlyCount "70"]
[EventDate "2012.??.??"]

1. e4 e6 2. d4 d5 3. exd5 exd5 4. Nf3 Nf6 5. c4 Be7 6. Bd3 O-O 7. O-O Nc6 8.
Be3 Bg4 9. Nbd2 Nb4 10. Bb1 dxc4 11. a3 Nbd5 12. Nxc4 Nxe3 13. fxe3 Bh5 14. Qe2
c5 15. Re1 cxd4 16. exd4 Re8 17. Nce5 Bd6 18. Ba2 Qe7 19. Rac1 Nd7 20. Qb5 Nxe5
21. Nxe5 Qh4 22. Qd3 Rad8 23. Re4 Qe7 24. Nxf7 Bxf7 25. Rxe7 Rxe7 26. Bxf7+
Rxf7 27. Qc4 Kf8 28. Re1 g6 29. b4 a6 30. d5 Bb8 31. g3 Rf5 32. Qc5+ Bd6 33.
Qb6 Rd7 34. Qe3 Rdf7 35. Qh6+ Kg8 1-0

[Event "OPEN B - XVII MIEDZYNARODOWY FESTIWAL S"]
[Site "GOLD CHESS Open  - Rewal"]
[Date "2012.??.??"]
[Round "9.23"]
[White "Steppuhn, Thomas"]
[Black "Nun, Grzegorz"]
[Result "0-1"]
[WhiteElo "2039"]
[BlackElo "1726"]
[PlyCount "42"]
[EventDate "2012.??.??"]

1. d4 Nf6 2. Nf3 g6 3. e3 Bg7 4. c4 c5 5. Nc3 cxd4 6. exd4 O-O 7. Be2 d5 8. O-O
Nc6 9. Be3 Bf5 10. Re1 Rc8 11. Qa4 a6 12. c5 Ne4 13. Red1 Nxc3 14. bxc3 e5 15.
c4 exd4 16. Nxd4 Nxd4 17. Bxd4 Bxd4 18. Rxd4 Rxc5 19. Rad1 Qe7 20. Bf1 dxc4 21.
Rxc4 b5 0-1

[Event "OPEN B - XVII MIEDZYNARODOWY FESTIWAL S"]
[Site "GOLD CHESS Open  - Rewal"]
[Date "2012.??.??"]
[Round "9.24"]
[White "Poswiatowski, Stanislaw"]
[Black "Jewulski, Krzysztof"]
[Result "0-1"]
[WhiteElo "1700"]
[BlackElo "1950"]
[PlyCount "133"]
[EventDate "2012.??.??"]

1. d4 Nf6 2. Nf3 g6 3. Bg5 Bg7 4. e3 Ne4 5. Bh4 d5 6. c4 c6 7. Nc3 Qa5 8. Qc2
Bf5 9. Bd3 Nxc3 10. bxc3 dxc4 11. Bxf5 Qxf5 12. Qd1 Qa5 13. Qc2 Nd7 14. O-O Bf6
15. Bg3 O-O 16. a4 Rfe8 17. Nd2 Nb6 18. Bc7 Qa6 19. Bxb6 axb6 20. Qb2 e5 21.
Rfb1 exd4 22. exd4 Re2 23. Re1 Rae8 24. Rxe2 Rxe2 25. Kf1 Re6 26. Qa2 Qa5 27.
Qxc4 b5 28. Nb3 Qc7 29. Qd3 Qxh2 30. Qh3 Qxh3 31. gxh3 bxa4 32. Rxa4 Kg7 33.
Nc5 Re7 34. Rb4 b5 35. Rb2 Ra7 36. Ne4 Be7 37. f3 Ra1+ 38. Kg2 Rc1 39. Rb3 f5
40. Ng3 Rc2+ 41. Kg1 Bh4 42. Nf1 Be1 43. d5 cxd5 44. Rxb5 Rxc3 45. Rxd5 Rxf3
46. Re5 Bh4 47. Kg2 Re3 48. Rd5 Re2+ 49. Kg1 Bf2+ 50. Kh1 Kf6 51. Rd2 Rxd2 52.
Nxd2 Be3 53. Nc4 Bc5 54. Kg2 g5 55. Kf3 h5 56. Nd2 Bd6 57. Nc4 Bc7 58. Ne3 Bf4
59. Nd5+ Ke5 60. Nxf4 gxf4 61. h4 Ke6 62. Kxf4 Kf6 63. Kf3 Ke5 64. Ke3 f4+ 65.
Kf3 Kf5 66. Kg2 Kg4 67. Kf2 0-1

[Event "OPEN B - XVII MIEDZYNARODOWY FESTIWAL S"]
[Site "GOLD CHESS Open  - Rewal"]
[Date "2012.??.??"]
[Round "9.25"]
[White "Blaszkiewicz, Mateusz"]
[Black "Jaskiewicz, Kamila"]
[Result "1-0"]
[WhiteElo "1879"]
[BlackElo "1661"]
[PlyCount "75"]
[EventDate "2012.??.??"]

1. e4 c5 2. Nf3 e6 3. d4 cxd4 4. Nxd4 a6 5. Bd3 Nf6 6. c4 Nc6 7. Nxc6 dxc6 8.
O-O b5 9. e5 Nd7 10. f4 Bb7 11. Nc3 Bc5+ 12. Kh1 Nb6 13. Ne4 Be7 14. c5 Nd5 15.
Nd6+ Bxd6 16. exd6 O-O 17. Rb1 a5 18. Qe2 Nb4 19. b3 Nxd3 20. Qxd3 b4 21. Bb2
f6 22. Rfe1 Qd7 23. Qh3 Rae8 24. Re3 Bc8 25. Qh4 Qa7 26. Rh3 h6 27. Rg3 Kh7 28.
Rd1 Rf7 29. Qh5 Ref8 30. h3 Qd7 31. Rdd3 Ba6 32. Rde3 Bc8 33. Qg6+ Kh8 34. Rg4
Qe8 35. Rh4 Ra7 36. Rxh6+ gxh6 37. Bxf6+ Rxf6 38. Qxe8+ 1-0

[Event "OPEN B - XVII MIEDZYNARODOWY FESTIWAL S"]
[Site "GOLD CHESS Open  - Rewal"]
[Date "2012.??.??"]
[Round "9.26"]
[White "Warchol, Maria"]
[Black "Woloch, Oskar"]
[Result "1-0"]
[WhiteElo "1841"]
[BlackElo "1564"]
[PlyCount "57"]
[EventDate "2012.??.??"]

1. e4 e5 2. Nf3 Nc6 3. Bc4 Bc5 4. c3 Nf6 5. d4 exd4 6. cxd4 Bb4+ 7. Bd2 Bxd2+
8. Nbxd2 O-O 9. O-O d6 10. h3 Na5 11. Bd3 c5 12. dxc5 dxc5 13. Qc2 Nc6 14. a3
Qe7 15. Rac1 b6 16. b4 Nd4 17. Nxd4 cxd4 18. Nf3 Bb7 19. e5 Nd7 20. Bxh7+ Kh8
21. Be4 Rac8 22. Qd3 Bxe4 23. Qxe4 Rcd8 24. Qxd4 f6 25. Qh4+ Kg8 26. Rfe1 g5
27. Qc4+ Kg7 28. exf6+ Qxf6 29. Qg4 1-0

[Event "OPEN B - XVII MIEDZYNARODOWY FESTIWAL S"]
[Site "GOLD CHESS Open  - Rewal"]
[Date "2012.??.??"]
[Round "9.27"]
[White "Lopuszanski, Kamil"]
[Black "Niedbal, Piotr"]
[Result "1-0"]
[WhiteElo "1840"]
[BlackElo "1693"]
[PlyCount "103"]
[EventDate "2012.??.??"]

1. e4 d5 2. exd5 Qxd5 3. Nc3 Qa5 4. Nf3 Nf6 5. d4 c6 6. Bc4 Bf5 7. Bd2 e6 8.
Bb3 Nbd7 9. Qe2 Bb4 10. a3 O-O-O 11. O-O Bxc3 12. Bxc3 Qc7 13. Ng5 Ng4 14. g3
Nb6 15. f3 Nf6 16. Qe5 Bg6 17. Rfe1 Qxe5 18. dxe5 Nfd5 19. Ba5 Rd7 20. Ne4 Bxe4
21. Rxe4 Na8 22. c4 Ne7 23. Rd1 Rxd1+ 24. Bxd1 Nc7 25. Rd4 Rd8 26. Rxd8+ Kxd8
27. Kf2 Kd7 28. Bc2 g6 29. Bc3 Nf5 30. g4 Ng7 31. Kg3 Ke7 32. Bb4+ Ke8 33. Bc5
a6 34. Kh4 h5 35. Kg5 hxg4 36. fxg4 Nf5 37. gxf5 exf5 38. Be3 Kf8 39. b4 Ke7
40. Kf4 Ne6+ 41. Kf3 f6 42. exf6+ Kxf6 43. h4 Kf7 44. a4 Ke7 45. Bb3 Kd7 46. c5
Nf8 47. Bh6 Ke7 48. Bxf8+ Kxf8 49. Kf4 Kg7 50. Kg5 Kh7 51. Bc4 Kg7 52. Be6 1-0

[Event "OPEN B - XVII MIEDZYNARODOWY FESTIWAL S"]
[Site "GOLD CHESS Open  - Rewal"]
[Date "2012.??.??"]
[Round "9.28"]
[White "Drabek, Jan"]
[Black "Kopica, Paulina"]
[Result "0-1"]
[WhiteElo "1698"]
[BlackElo "1744"]
[PlyCount "75"]
[EventDate "2012.??.??"]

1. e4 e6 2. d4 d5 3. Nc3 Bb4 4. e5 c5 5. a3 Bxc3+ 6. bxc3 Ne7 7. f4 Qa5 8. Bd2
Nbc6 9. Nf3 Bd7 10. Bd3 c4 11. Be2 f6 12. O-O O-O-O 13. Qc1 Be8 14. a4 Bh5 15.
Qa3 Nf5 16. Rfb1 Bxf3 17. Bxf3 Nfxd4 18. Be3 Nxf3+ 19. gxf3 fxe5 20. Rb5 Qa6
21. Rab1 Rd7 22. fxe5 h6 23. f4 Rhd8 24. Qc5 Rc7 25. Qa3 b6 26. a5 bxa5 27. Bc5
Rdd7 28. Bd6 Rb7 29. Qa4 Rxb5 30. Rxb5 Rb7 31. Rc5 Kd7 32. Bf8 Qb6 33. Kg2 Rb8
34. Bd6 Rg8 35. f5 exf5 36. Rxd5 Ke6 37. Qxc4 Rd8 38. Rd3+ 0-1

[Event "OPEN B - XVII MIEDZYNARODOWY FESTIWAL S"]
[Site "GOLD CHESS Open  - Rewal"]
[Date "2012.??.??"]
[Round "9.29"]
[White "Krzysztofiak, Zdzislaw"]
[Black "Janke, Georg"]
[Result "1/2-1/2"]
[WhiteElo "1671"]
[BlackElo "1794"]
[PlyCount "22"]
[EventDate "2012.??.??"]

1. e4 e6 2. d4 d5 3. Nc3 Bb4 4. a3 Bxc3+ 5. bxc3 c5 6. Bd3 Qa5 7. Bd2 c4 8. Be2
Ne7 9. e5 Bd7 10. Qb1 Nbc6 11. f4 g6 1/2-1/2

[Event "OPEN B - XVII MIEDZYNARODOWY FESTIWAL S"]
[Site "GOLD CHESS Open  - Rewal"]
[Date "2012.??.??"]
[Round "9.30"]
[White "Wodecki, Michal"]
[Black "Sikorski, Tomasz"]
[Result "0-1"]
[WhiteElo "1440"]
[BlackElo "1735"]
[PlyCount "70"]
[EventDate "2012.??.??"]

1. e4 e6 2. d4 d5 3. Nc3 Nf6 4. e5 Nfd7 5. f4 c5 6. Nf3 Nc6 7. Be3 Qb6 8. Na4
Qa5+ 9. c3 cxd4 10. b4 Nxb4 11. cxb4 Bxb4+ 12. Bd2 Bxd2+ 13. Nxd2 b5 14. Nb2
Qc3 15. Nd3 Nb6 16. Rc1 Qa5 17. Qb3 Nc4 18. Qb4 Qxa2 19. Nf3 Bd7 20. Qb1 Qxb1
21. Rxb1 Ke7 22. Nxd4 Rhb8 23. Nb4 Rb6 24. Ra1 a5 25. Bd3 f6 26. O-O fxe5 27.
fxe5 Nxe5 28. Bc2 Kd6 29. Nb3 Nc4 30. Nd3 b4 31. Rf7 a4 32. Rxg7 Rbb8 33. Rxh7
axb3 34. Rxa8 Rxa8 35. Nxb4 b2 0-1

[Event "OPEN B - XVII MIEDZYNARODOWY FESTIWAL S"]
[Site "GOLD CHESS Open  - Rewal"]
[Date "2012.??.??"]
[Round "9.32"]
[White "Przybylska, Agata"]
[Black "Bobryk, Konrad"]
[Result "0-1"]
[WhiteElo "1689"]
[BlackElo "1616"]
[PlyCount "54"]
[EventDate "2012.??.??"]

1. e4 c5 2. Nf3 Nc6 3. d4 cxd4 4. Nxd4 g6 5. Nc3 Bg7 6. Be3 Nf6 7. f3 O-O 8.
Qd2 d5 9. Nxc6 bxc6 10. exd5 Nxd5 11. Nxd5 cxd5 12. c3 e5 13. Bb5 d4 14. cxd4
exd4 15. Bg5 Qb6 16. Ba4 Rb8 17. b3 Ba6 18. Rc1 Rbc8 19. Kf2 Rc3 20. Rhe1 Rfc8
21. Kg1 Be2 22. Kh1 d3 23. Bd7 R8c7 24. Bh3 Rc2 25. Rxc2 Rxc2 26. Qe3 Qxe3 27.
Bxe3 d2 0-1

[Event "OPEN B - XVII MIEDZYNARODOWY FESTIWAL S"]
[Site "GOLD CHESS Open  - Rewal"]
[Date "2012.??.??"]
[Round "9.33"]
[White "Huchler, Harald"]
[Black "Hagner, Pawel"]
[Result "1/2-1/2"]
[WhiteElo "1446"]
[BlackElo "1823"]
[PlyCount "47"]
[EventDate "2012.??.??"]

1. e4 g6 2. d4 Bg7 3. c3 d6 4. Nf3 Nf6 5. e5 dxe5 6. Nxe5 O-O 7. Be2 Nbd7 8.
Bf4 c5 9. O-O cxd4 10. cxd4 Nd5 11. Nxd7 Bxd7 12. Be3 Nxe3 13. fxe3 Bc6 14. Bf3
Rc8 15. Nc3 Qb6 16. Bxc6 Qxc6 17. Qf3 e6 18. Qxc6 Rxc6 19. Rf2 a6 20. g4 b5 21.
a3 Rfc8 22. Raf1 R8c7 23. Ne4 Rc2 24. Nd6 1/2-1/2

[Event "OPEN B - XVII MIEDZYNARODOWY FESTIWAL S"]
[Site "GOLD CHESS Open  - Rewal"]
[Date "2012.??.??"]
[Round "9.34"]
[White "Baran, Dawid"]
[Black "Chylewski, Patryk"]
[Result "1/2-1/2"]
[WhiteElo "1740"]
[BlackElo "1562"]
[PlyCount "66"]
[EventDate "2012.??.??"]

1. e4 c5 2. Nf3 d6 3. d4 cxd4 4. Nxd4 Nf6 5. Nc3 a6 6. Be2 e6 7. O-O Be7 8. Be3
O-O 9. f4 Nbd7 10. Bf3 Qc7 11. Qe1 Nb6 12. g4 Nc4 13. g5 Nd7 14. b3 Nxe3 15.
Qxe3 Qc5 16. Rae1 g6 17. Na4 Qa7 18. c4 e5 19. fxe5 dxe5 20. Nc2 Bxg5 21. Qxa7
Rxa7 22. Rd1 f5 23. exf5 gxf5 24. Bd5+ Kg7 25. Be6 b5 26. Nc3 Kg6 27. Rd5 bxc4
28. bxc4 Rc7 29. Rd6 Nf6 30. Nd5 Nxd5 31. Bxc8+ Nf6 32. Bxf5+ Kg7 33. Be6 Ne4
1/2-1/2

[Event "OPEN B - XVII MIEDZYNARODOWY FESTIWAL S"]
[Site "GOLD CHESS Open  - Rewal"]
[Date "2012.??.??"]
[Round "9.35"]
[White "Gajzner, Ryszard"]
[Black "Wodecki, Mikolaj"]
[Result "1-0"]
[WhiteElo "1734"]
[BlackElo "1300"]
[PlyCount "61"]
[EventDate "2012.??.??"]

1. Nf3 d5 2. d4 Nf6 3. e3 Bg4 4. Nbd2 Nc6 5. Be2 Qd7 6. b3 e6 7. Bb2 Bb4 8. c3
Bd6 9. c4 Bb4 10. O-O h5 11. a3 Be7 12. Ne5 Nxe5 13. dxe5 Bxe2 14. Qxe2 Ng4 15.
Rfd1 f6 16. Nf3 fxe5 17. Nxe5 Qd6 18. c5 Qxc5 19. Nxg4 hxg4 20. Qxg4 Qd6 21.
Qg6+ Kd7 22. h3 Raf8 23. Qg4 Rf5 24. f4 Qc5 25. Bd4 Qc2 26. Rac1 Qxb3 27. e4
Rh4 28. Qxg7 Rfxf4 29. Bc5 Rxe4 30. Qxe7+ Kc6 31. Qe8# 1-0

[Event "OPEN B - XVII MIEDZYNARODOWY FESTIWAL S"]
[Site "GOLD CHESS Open  - Rewal"]
[Date "2012.??.??"]
[Round "9.36"]
[White "Strek, Jaroslaw"]
[Black "Murawko, Julia"]
[Result "0-1"]
[WhiteElo "1493"]
[BlackElo "1607"]
[PlyCount "104"]
[EventDate "2012.??.??"]

1. d4 d5 2. c4 e6 3. Nf3 Nf6 4. a3 Nbd7 5. Nc3 c6 6. e3 Bd6 7. c5 Bc7 8. Bd3 e5
9. Bf5 e4 10. Nd2 Nxc5 11. Bxe4 Ncxe4 12. Ncxe4 Nxe4 13. Nxe4 dxe4 14. Qc2 Qd5
15. b4 O-O 16. a4 Re8 17. Bd2 a6 18. Ra3 Qg5 19. g3 Bg4 20. Rc3 Bd6 21. Rb3 Bf3
22. Rg1 Qh5 23. h4 Qf5 24. Bc3 Qh3 25. Rf1 Bg2 26. Qe2 Bxf1 27. Qxf1 Qxf1+ 28.
Kxf1 Re6 29. a5 Bc7 30. Kg2 b6 31. Bd2 bxa5 32. bxa5 Rb8 33. Rxb8+ Bxb8 34. Bb4
Bc7 35. g4 Re8 36. Kh3 Rb8 37. Bc5 Bxa5 38. Kg3 Be1 39. Kf4 Bxf2 40. Kxe4 Re8+
41. Kd3 Rxe3+ 42. Kc4 Re4 43. Kd3 Rxg4 44. d5 Bxc5 45. dxc6 Bd6 46. Kc3 a5 47.
Kd3 Rb4 48. Kc3 a4 49. c7 Rb3+ 50. Kc2 Bxc7 51. Kd1 a3 52. Kc2 Rb7 0-1